さくら鉄道の駅(妖怪ウォッチ) - Statistics

General Stats
  • This quiz has been taken 141 times
  • The average score is 10 of 22
Answer Stats
Answer % Correct
ケマモト
87%
ナギサキ
86%
桜中央
79%
福ノ宮
66%
アオバ
65%
さくらぎ
63%
こひなた
59%
ねぼとけ
55%
すんどめ
51%
たぞの
49%
やまなか
38%
さくら山
36%
おさらぎ
35%
おかわり
34%
むこう谷
34%
きしべ
31%
ひばり台
28%
たにあい
28%
いわくり
23%
はなやま
21%
はしぶね
21%
かすが野
20%
No matching quizzes found
Score Distribution
Percent of People with Each Score
Percentile by Number Answered
Your Score History
You have not taken this quiz